000
00273nam a22001217a 4500
003
SGT
082
_a
954.03
_b
THA
100
_a
THAROOR SHASHI
245
_a
AN ERA OF DARKNESS THE BRITISH EMPIRE IN INDIA
260
_a
INDIA
_b
ABC
_c
2016
300
_a
333
942
_2
ddc
_c
BK
999
_c
33543
_d
33543